00890nam a2200253 a 4500001000400000003001000004005001700014008004100031020001800072040002500090041001300115080002200128100002800150240003700178245016100215260003500376300003200411504003600443650003000479650005000509650003200559700001800591700002700609922BR-CuiBMT20231123010636.0231122s2002 spba 001 0 por d a9788573079784 aBR-CuiBMTcBR-CuiBMT1 aporheng 22007a658:001.1011 aProbst, Gilbert,d1950-1 aManaging knowledge lPortuguês00aGestão do conhecimento :bos elementos construtivos do sucesso /cGilbert Probst, Steffen Raub, Kai Romhardt ; tradução: Maria Adelaide Carpigiani.  aSão Paulo :bBookman,c2002. avii, 286 p. :bil. ;c25 cm aInclui bibliografia e índice. aGestão do conhecimento  aAdministração de empresasxEstudo de caso aAprendizagem organizacional1 aRaub, Steffen1 aRomhardt, Kai, d1967-